[Event "ROM-ch U08"]
[Site "Calimanesti"]
[Date "2015.04.06"]
[Round "9"]
[White "Racasan, Filip"]
[Black "Pataki, Dragos Ioan"]
[Result "0-1"]
[WhiteElo "1001"]
[BlackElo "1042"]
[PlyCount "46"]
[EventDate "2015.03.30"]
[EventType "swiss"]
[EventRounds "9"]
[EventCountry "ROU"]
[SourceTitle "CBM 165 Extra"]
[Source "ChessBase"]
[SourceDate "2015.04.21"]
[SourceVersion "1"]
[SourceVersionDate "2015.04.21"]
[SourceQuality "1"]

1. e4 c5 2. Nc3 d6 3. Nf3 Nc6 4. Bc4 e6 5. d3 Nf6 6. 0-0 Be7 7. Be3 a6 8. Qd2 b5 9. Bb3 Bb7 10. a4 b4 11. Na2 0-0 12. c3 a5 13. cxb4 axb4 14. d4 Nxe4 15. Qd3 d5 16. dxc5 Bxc5 17. Bxc5 Nxc5 18. Qb1 Nxb3 19. Re1 Nxa1 20. Qxa1 Rxa4 21. Ne5 Nxe5 22. Rxe5 b3 23. Qe1 Rxa2 0-1

[Event "ROM-ch U08"]
[Site "Calimanesti"]
[Date "2015.04.02"]
[Round "4"]
[White "Racasan, Filip"]
[Black "Nita, Andrei Ioan"]
[Result "0-1"]
[WhiteElo "1001"]
[BlackElo "1001"]
[PlyCount "44"]
[EventDate "2015.03.30"]
[EventType "swiss"]
[EventRounds "9"]
[EventCountry "ROU"]
[SourceTitle "CBM 165 Extra"]
[Source "ChessBase"]
[SourceDate "2015.04.21"]
[SourceVersion "1"]
[SourceVersionDate "2015.04.21"]
[SourceQuality "1"]

1. e4 e5 2. Nf3 Nc6 3. Nc3 g6 4. Bc4 Nd4 5. d3 Bg7 6. Bg5 Nxf3+ 7. Qxf3 Qxg5 8. 0-0 Nf6 9. b3 0-0 10. a4 d6 11. g3 Bg4 12. Qg2 Qh6 13. h3 Bxh3 14. Qh1 Ng4 15. Rac1 Nxf2 16. Kxf2 Qh5 17. Rfd1 Qg4 18. Ra1 Kh8 19. a5 f5 20. exf5 Qxf5+ 21. Ke3 Bh6+ 22. Ke2 Qf2# 0-1